Le Robert Benjamin, (Record no. 6508)

MARC details
005 - DATE AND TIME OF LATEST TRANSACTION
control field 20250701103654.0
020 ## - INTERNATIONAL STANDARD BOOK NUMBER
International Standard Book Number 2-85036-350-2
082 ## - DEWEY DECIMAL CLASSIFICATION NUMBER
Classification number 445 ROB
100 ## - MAIN ENTRY--PERSONAL NAME
Author name ROBERT,
245 ## - TITLE STATEMENT
Title Le Robert Benjamin,
260 ## - PUBLICATION, DISTRIBUTION, ETC.
Place of publication, distribution, etc. France,
Name of publisher, distributor, etc. LE Robert Dictinnaires,
Date of publication, distribution, etc. 1957.
300 ## - PHYSICAL DESCRIPTION
Extent 571P: ill; Picture,
Dimensions 24cm.
942 ## - ADDED ENTRY ELEMENTS (KOHA)
Source of classification or shelving scheme Dewey Decimal Classification
Koha item type Books
Holdings
Date last seen Total checkouts Full call number Barcode Cost, replacement price Price effective from Koha item type Lost status Source of classification or shelving scheme Damaged status Not for loan Withdrawn status Home library Current library Shelving location Date acquired Cost, normal purchase price
07/01/2025   445 ROB DOM0003794 135000.00 07/01/2025 Books   Dewey Decimal Classification       CBE Dodoma CBE Dodoma Reference Collection 01/28/2010 45000.00